000 00410nam a22001697a 4500
003 MPLRDC
005 20220104143127.0
008 210129b ||||| |||| 00| 0 eng d
082 _a783.1 SBQZ
100 _a明滔 译
245 _a松本清张半生记
_c
250 _a初版
260 _a
_b天地图书有限公司
_c1979
300 _b
650 _a日本名人传记
942 _cBK
_o783.1 SBQZ
999 _c36888
_d36878